000 00666nam a2200181Ia 4500
008 100917s9999 xx 000 0 und d
082 _b64931
100 _aमिराशी वा. वि.
245 _aवाकाटक नृपति आणि त्यांचा काल
260 _bनागपूर विश्वविद्यालय
_c1957
300 _a392
365 _b5
520 _aनिबंध
630 _aवाकाटक नृपति आणि त्यांचा काल
650 _aनिबंध
730 _aवाकाटक नृपति आणि त्यांचा काल
942 _cBOOK
999 _c670325
_d670322